Countries The Runaways Visited - Statistics

General Stats
  • This quiz has been taken 8 times
  • The average score is 13 of 14
Answer Stats
Continent Country % Correct
Europe Belgium
100%
North America Canada
100%
Europe Denmark
100%
Europe Finland
100%
Europe Germany
100%
Europe Norway
100%
Europe Sweden
100%
Europe United Kingdom
100%
North America United States of America
100%
Europe France
88%
Europe Ireland
88%
Asia Japan
88%
Europe Netherlands
88%
Europe Switzerland
75%
No matching quizzes found
Score Distribution
Percent of People with Each Score
Percentile by Number Answered
Your Score History
You have not taken this quiz